Sports Quiz

Random Sports or Baseball Quiz

MLB 30/30 Players Quiz Stats

 Plays Quiz Updated Oct 1, 2019

Support Sporcle.
Go Orange.
Score 0/64 Timer 05:00
10 Plays Today
Year Player % Correct
1990Barry Bonds
85.7%
1992Barry Bonds
85.7%
1995Barry Bonds
85.7%
1996Barry Bonds
85.7%
1997Barry Bonds
85.7%
1969Bobby Bonds
82.6%
1973Bobby Bonds
82.6%
1975Bobby Bonds
82.6%
1977Bobby Bonds
82.6%
1978Bobby Bonds
82.6%
1998Alex Rodriguez
78.8%
1988José Canseco
59.9%
2012Mike Trout
59.8%
2002Alfonso Soriano
58.9%
2003Alfonso Soriano
58.9%
2006Alfonso Soriano
58.9%
2005Alfonso Soriano
58.9%
1956Willie Mays
56.6%
1957Willie Mays
56.6%
2019Ronald Acuña Jr.
52.9%
2018José Ramirez
50.6%
2008Hanley Ramírez
49.6%
2019Christian Yelich
48.6%
1993Sammy Sosa
44.7%
1995Sammy Sosa
44.7%
2007Jimmy Rollins
41.9%
2018Mookie Betts
40.9%
2012Ryan Braun
39.5%
1922Ken Williams
38.5%
1963Hank Aaron
35.3%
1987Howard Johnson
31.4%
1989Howard Johnson
31.4%
Year Player % Correct
1991Howard Johnson
31.4%
2007David Wright
31.3%
2001Vladimir Guerrero
31%
2002Vladimir Guerrero
31%
2004Carlos Beltran
29.9%
2011Jacoby Ellsbury
27.3%
1999Jeff Bagwell
25.8%
1997Jeff Bagwell
25.8%
1997Larry Walker
25.6%
2008Grady Sizemore
22.7%
1987Eric Davis
22%
1987Darryl Strawberry
21.9%
2001Bobby Abreu
19.4%
2004Bobby Abreu
19.4%
2011Ian Kinsler
17.5%
1996Barry Larkin
17.1%
1998Shawn Green
15.7%
1987Joe Carter
14%
1983Dale Murphy
14%
1990Ron Gant
13.7%
1991Ron Gant
13.7%
2007Brandon Phillips
13.7%
2000Preston Wilson
12%
1996Dante Bichette
11.8%
2011Ryan Braun
10.7%
2011Matt Kemp
10%
1997Raúl Mondesí
10%
1999Raúl Mondesí
10%
1996Ellis Burks
9.8%
2009Ian Kinsler
9.4%
1970Tommy Harper
9.1%
2001Jose Cruz, Jr.
8.9%

You're not logged in!

Compare scores with friends on all Sporcle quizzes.
OR
Log In
Forgot?

From the Vault

Image Sorting: Bands

by Barbecue

Music 2m
If you get answers wrong, you might accidentally create a new supergroup.
Remove Ads.
Support Sporcle.
Get the best of Sporcle when you Go Orange. This ad-free experience offers more features, more stats, and more fun while also helping to support Sporcle. Thank you for becoming a member.

Show Comments

Extras

Top Quizzes Today


Score Distribution

Your Account Isn't Verified!

In order to create a playlist on Sporcle, you need to verify the email address you used during registration. Go to your Sporcle Settings to finish the process.

Report this User

Report this user for behavior that violates our Community Guidelines.

Details: